000 00313nam a22001457a 4500
008 221118b ||||| |||| 00| 0 eng d
020 _a0486261786
041 _aeng
080 _a30
082 _a30
100 _a32
101 _aJURE
245 _aDISCOVERING THE NATURAL LAWS
_cROTHMAN M
942 _2udc
_cBK
999 _c58955
_d58955